000 00538nam a2200217Ia 4500
003 OSt
005 20221005114005.0
006 a|||||r|||| 00| 0
007 ta
008 221004b |||||||| |||| 00| 0 tam d
024 _a50638
037 _cTextual
040 _aCRL
_cCRL
_btam
041 _2tam
_atam
082 _aO31,3NTHU,21, L2
100 _aThumilan
_9625284
245 0 _aAmbikapathi
650 _aTAMIL LITERATURE
942 _hO31,3NTHU,21, L2
_cTEXL
_2cc
999 _c1029959
_d1029959